00764 2200205 4500001002100000005001700021008004100038035002400079090002200103110005200125245010900177260007300286300003400359500008900393650002600482850001200508980001700520985000600537999001500543YOGYA-0209000004204820090227025831.0 ind  0010-020900000042048 a631.7bYog IlYOG aYOGYAKARTA. (Daerah Istimewa) Pemerintah Daerah aInventarisasi dan evaluasi kinerja aset-aset prasarana di koridor perkotaan Kulon progobSektor drainase aYogyakartabYogyakarta Urban Infrastructure Management Supportc1999 aviii,[69] lembarbilusc30 cm aDiterbitkan atas kerjasama dengan YUIMS dan pemerintah dati II kabupaten Kulon Progo aIrigasi - Kulon Progo aYOPDYOG a18 Juli 2007 a1 a07A0023363